[Event "Mediterranean-ch 2nd"]
[Site "Antalya"]
[Date "2004.12.15"]
[Round "6"]
[White "Ozturk Orenli, Kubra"]
[Black "Khaled, Rabia"]
[Result "1-0"]
[WhiteElo "1978"]
[BlackElo "2015"]
[PlyCount "133"]
[EventDate "2004.12.11"]
[EventType "swiss"]
[EventRounds "9"]
[EventCountry "TUR"]
[SourceTitle "CBM 103 Extra"]
[Source "ChessBase"]
[SourceDate "2005.01.01"]
[SourceVersion "1"]
[SourceVersionDate "2005.01.01"]
[SourceQuality "1"]

1. Nf3 d5 2. g3 c5 3. Bg2 Nc6 4. 0-0 Nf6 5. d3 e6 6. Nbd2 Be7 7. Re1 0-0 8. e4 Qc7 9. Nf1 dxe4 10. dxe4 Rd8 11. Bd2 b6 12. c3 Ba6 13. h4 Bd3 14. N3h2 Rac8 15. Qc1 c4 16. Bf4 Qb7 17. g4 b5 18. Ng3 Nd7 19. g5 Nc5 20. Ng4 a5 21. Ne5 Nxe5 22. Bxe5 Nd7 23. Bd4 Bc5 24. Bxc5 Nxc5 25. Qf4 Qc7 26. e5 Na4 27. Qc1 Qb8 28. Ne4 Bxe4 29. Bxe4 Nc5 30. Qc2 Nd3 31. Re3 Nxe5 32. Bxh7+ Kf8 33. Rae1 Ng4 34. Rg3 Qf4 35. Re4 Rd1+ 36. Kg2 Qxf2+ 37. Qxf2 Nxf2 38. Kxf2 g6 39. h5 Kg7 40. Bxg6 fxg6 41. h6+ Kh7 42. Rxe6 Rf8+ 43. Rf3 Rd2+ 44. Re2 Rxf3+ 45. Kxf3 Rd5 46. Kg4 b4 47. Re7+ Kh8 48. Rc7 Rd2 49. cxb4 axb4 50. Rxc4 Rxb2 51. Kf4 Rh2 52. Ke5 Rxa2 53. Rxb4 Ra6 54. Rb8+ Kh7 55. Rb7+ Kh8 56. Re7 Kg8 57. Re6 Ra5+ 58. Kf6 Kh7 59. Re7+ Kg8 60. Kxg6 Ra8 61. Kf6 Ra6+ 62. Re6 Ra8 63. g6 Rf8+ 64. Kg5 Ra8 65. h7+ Kg7 66. Re7+ Kh8 67. Kh6 1-0

[Event "Mediterranean-ch 2nd"]
[Site "Antalya"]
[Date "2004.12.15"]
[Round "5"]
[White "Pambalou, Fotini"]
[Black "Khaled, Rabia"]
[Result "1-0"]
[WhiteElo "2088"]
[BlackElo "2015"]
[PlyCount "101"]
[EventDate "2004.12.11"]
[EventType "swiss"]
[EventRounds "9"]
[EventCountry "TUR"]
[SourceTitle "CBM 103 Extra"]
[Source "ChessBase"]
[SourceDate "2005.01.01"]
[SourceVersion "1"]
[SourceVersionDate "2005.01.01"]
[SourceQuality "1"]

1. e4 c5 2. b3 d6 3. Bb2 e6 4. Nf3 a6 5. c4 Nf6 6. Nc3 Nc6 7. d4 cxd4 8. Nxd4 Qc7 9. Nc2 Be7 10. Be2 0-0 11. 0-0 b6 12. Ne3 Bb7 13. Rc1 Rac8 14. f4 Nb8 15. Bf3 Rfd8 16. Qe2 Nbd7 17. Nc2 Nc5 18. Rcd1 Bf8 19. Kh1 Ba8 20. Nd4 e5 21. fxe5 dxe5 22. Nf5 Rxd1 23. Rxd1 Ne6 24. Nd5 Bxd5 25. exd5 Ng5 26. Bxe5 Qd7 27. Qd3 Nxf3 28. gxf3 Be7 29. Rg1 g6 30. Nh6+ Kf8 31. d6 Bd8 32. Qc3 Qe6 33. Rd1 a5 34. Kg2 Nh5 35. Ng4 f6 36. Bg3 Qe2+ 37. Nf2 Qxa2 38. d7 Ra8 39. Re1 Be7 40. Qe3 Qa3 41. Bc7 Qc5 42. Bxb6 Qxe3 43. Rxe3 f5 44. c5 Nf4+ 45. Kf1 Nd5 46. Rd3 Nxb6 47. cxb6 Bd8 48. Rc3 Ke7 49. Rc8 Bxb6 50. Rxa8 Kxd7 51. Rh8 1-0